000 01640nam0a2200373 4500
001 RU\NLR\BIBL_A\011623576
005 20180329162700.0
010 _a978-5-471-00725-3
_9300
021 _aRU
_bКН-П-18-0050
_9КН-П-18-000769
035 _a(NLR Aleph) 011623576
035 _a(RuMoRGB)009513577
090 _a10996888
_c10996888
100 _a20180207d2017 m y0rusy50 ca
101 0 _arus
_asah
_deng
_eeng
102 _aRU
105 _aacg z 010zy
200 1 _aТурнин Лука Николаевич
_eвеликий хомусист, подвижник национальной культуры
_f[составители: Е. П. Чехордуна, И. Л. Соломонова]
210 _aЯкутск
_cРИО медиа-холдинга
_d2017
215 _a251, [1] с.
_cил., портр., нот.
_d22
300 _aНа тит. л. и обл.: 100 лет
300 _aТекст песен на языке саха
300 _aРез. на англ. яз.
320 _aБиблиогр. в конце ст.
600 1 _aТурнин
_bЛ. Н.
_gЛука Николаевич
_f1917 - 1989
_2nlr_sh2
_3RU\NLR\AUTH\6601632131
686 _aЩ315.79варган-73(2Р=Я)7-83Турнин Л.Н.4я43
_2rubbk
686 _aЩ313(2Р=Я)0-8Турнин Л.Н.4я43
_2rubbk
686 1 _aЩ313(2Р=Я)0-8Турнин
702 1 _aЧехордуна
_bЕ. П.
_gЕкатерина Петровна
_4220
702 1 _aТурнин
_bЛ. Н.
_f1917-1989
_gЛука Николаевич
_4570
942 _cBOOK
980 _aNBR
980 _aNB